| 000 | 00492nam a2200193Ia 4500 | ||
|---|---|---|---|
| 008 | 180207s9999 xx 000 0 und d | ||
| 020 | _a9780545003902 | ||
| 050 | _bP238 2007 | ||
| 100 | _aParker, David | ||
| 245 | _aWe can all play / | ||
| 245 | _cDavid Parker ; illustrated by Margeaux Lucas. | ||
| 260 | _aNew York : | ||
| 260 | _bScholastic, | ||
| 260 | _c2007 | ||
| 300 | _aunpaged : | ||
| 300 | _bcolor illustration ; | ||
| 300 | _c23cm. | ||
| 440 | _aThe best me I can be. | ||
| 999 |
_c355448 _d355448 |
||